Online
Catalog

De Parmenides a Demonacte : (Record no. 15393)

MARC details
000 -CABECERA
campo de control de longitud fija 00861cam a2200229 a 4500
001 - NÚMERO DE CONTROL
campo de control 000015849
005 - FECHA Y HORA DE LA ÚLTIMA TRANSACCIÓN
campo de control 20200929164157.0
008 - DATOS DE LONGITUD FIJA--INFORMACIÓN GENERAL
campo de control de longitud fija 000301s1999 pr a b 000 0 spa d
040 ## - FUENTE DE LA CATALOGACIÓN
Centro catalogador/agencia de origen DO-SdBNP
Lengua de catalogación spa
Centro/agencia transcriptor PrRU
Centro/agencia modificador DLC
-- BNPHU
082 ## - NÚMERO DE LA CLASIFICACIÓN DECIMAL DEWEY
Número de clasificación 109
Número de documento/Ítem S718d
100 1# - ENTRADA PRINCIPAL--NOMBRE DE PERSONA
Nombre de persona Soto Rivera, Ruben.
9 (RLIN) 35664
245 10 - MENCIÓN DE TÍTULO
Título De Parmenides a Demonacte :
Resto del título hilos de una urdimbre textual : para una nueva historia de la filosofia /
Mención de responsabilidad, etc. Ruben Soto Rivera.
260 ## - PUBLICACIÓN, DISTRIBUCIÓN, ETC.
Lugar de publicación, distribución, etc. Puerto Rico :
Nombre del editor, distribuidor, etc. [s.n.],
Fecha de publicación, distribución, etc. 1999.
300 ## - DESCRIPCIÓN FÍSICA
Extensión iv, 234 p. :
Otras características físicas il. ;
Dimensiones 21 cm.
500 ## - NOTA GENERAL
Nota general Datos de la cubierta
504 ## - NOTA DE BIBLIOGRAFÍA, ETC.
Nota de bibliografía, etc. Incluye referencias bibliográficas: (p. 220-234)
600 14 - PUNTO DE ACCESO ADICIONAL DE MATERIA--NOMBRE DE PERSONA
Nombre de persona SOCRATES
Fechas asociadas al nombre 470 a. C. - 399 a. C.
9 (RLIN) 35665
600 14 - PUNTO DE ACCESO ADICIONAL DE MATERIA--NOMBRE DE PERSONA
Nombre de persona PLATÓN
Fechas asociadas al nombre 427 a. C. - 347 a. C
9 (RLIN) 35666
600 14 - PUNTO DE ACCESO ADICIONAL DE MATERIA--NOMBRE DE PERSONA
Nombre de persona PARMÉNIDES
Fechas asociadas al nombre 540 a. C. - 470 a. C.
9 (RLIN) 35667
650 #4 - PUNTO DE ACCESO ADICIONAL DE MATERIA--TÉRMINO DE MATERIA
Término de materia o nombre geográfico como elemento de entrada Filosofía antigua
9 (RLIN) 1215
910 ## - DATOS DE OPCIÓN DEL USUARIO (OCLC)
Datos de opción del usuario Catalogación por copia / LC
Holdings
Estado de retiro Estado de pérdida Restricciones de uso No para préstamo Código de colección Localización permanente Ubicación/localización actual Ubicación en estantería Fecha de adquisición Número de inventario Total de préstamos Signatura topográfica completa Código de barras Fecha visto por última vez Precio válido a partir de Tipo de ítem Koha
        Monografías: Libros y Folletos General General En catalogación 19.02.2010 LF1   109 S718d 15849-10 25.06.2020 25.06.2020 Préstamo en sala

Powered by Koha